000 00695nam a2200217 a 4500
005 20250807063851.0
008 040216s2003 mx r 000 0 spa d
020 _a9682467934
035 _aUPN01000131880
049 _aCG
050 4 _aBF432.3
_bS4.5
100 1 _aSerrano Fernández, Ana María
_937148
245 1 0 _aInteligencias múltiples y estimulación temprana :
_bguía para educadoras, padres y maestros /
_cAna María Serrano.
260 _aMéxico :
_bTrillas,
_c2003.
300 _a128 p. :
_bil.
650 7 _aInteligencias múltiples
_2
_9171
650 4 _aNiño, Estudio del
_9221
650 4 _aInteligencia
_9939
650 2 _aEstimulación temprana
_97970
905 _aLibro
999 _c104035
_d104035